000 00686nam a22002417a 4500
001 BR7326104
003 BR-BrBNA
005 20230928084348.0
007 ta
008 230509b bl.||||| |||| 00| 0 por d
040 _aBR-BrBNA
_bpor
_cBiblioteca Nacional de Agricultura
041 _a(Por)
072 _aD50
_b/G514
090 _ D50 BR7326104
110 1 _aServico de Economia Rural, Rio de Janeiro, GB (Brasil)
_99315
245 1 _aOrganizacao da vida rural. Legislacao e modelos [Brasil]
260 3 _aRio de Janeiro, GB (Brasil):
_c1954.
300 _a38 p.
650 _aLEGISLACAO
650 _aSOCIOLOGIA RURAL
909 _a202309
_bLucia
_c55
_dLucia Elande
942 _cBK
999 _c18421
_d18421